[Event "4th HD Bank Cup 2014"]
[Site "Ho Chi Minh City VIE"]
[Date "2014.03.13"]
[Round "6.27"]
[White "Nguyen, Sy Hung"]
[Black "Sukandar, Irine Kharisma"]
[Result "1/2-1/2"]
[BlackTitle "WGM"]
[WhiteElo "2131"]
[BlackElo "2343"]
[WhiteFideId "12401374"]
[BlackFideId "7101937"]
[EventDate "2014.03.10"]

1. g3 e5 2. Bg2 d5 3. d3 c5 4. Nf3 Nc6 5. O-O Nf6 6. Nbd2 Be7 7. e4 dxe4 8. dxe4
O-O 9. h3 h6 10. Qe2 Qc7 11. c3 Be6 12. Nh4 Rfd8 13. Nf5 Bf8 14. Nc4 Qd7 15.
Nce3 g6 16. g4 Qd3 17. Ng3 Qxe2 18. Nxe2 c4 19. f4 Bc5 20. f5 gxf5 21. gxf5 Rd3
22. fxe6 Bxe3+ 23. Bxe3 Rxe3 24. Rxf6 Rxe2 25. Rxf7 Rxb2 26. Rd1 Re8 27. Rdd7
Rxe6 28. Rg7+ Kf8 29. Rxb7 Rxa2 30. Rbf7+ Ke8 31. Bf1 Ra1 32. Kf2 Re7 33. Bxc4
Rxf7+ 34. Bxf7+ Kf8 35. Rh7 Rc1 36. c4 Na5 37. Bd5 Nxc4 38. Rxa7 Rc2+ 39. Kg3
Ne3 40. Rf7+ Ke8 41. Rf6 Nxd5 42. exd5 Rd2 43. Re6+ Kd7 44. Rxe5 Kd6 45. Rh5
Rxd5 1/2-1/2

[Event "4th HD Bank Cup 2014"]
[Site "Ho Chi Minh City VIE"]
[Date "2014.03.13"]
[Round "6.28"]
[White "Borsos, Bogdan"]
[Black "Le, Minh Hoang"]
[Result "1/2-1/2"]
[WhiteTitle "IM"]
[BlackTitle "CM"]
[WhiteElo "2271"]
[BlackElo "1931"]
[WhiteFideId "14100568"]
[BlackFideId "12404683"]
[EventDate "2014.03.10"]

1. Nf3 d5 2. c4 c6 3. g3 Nf6 4. Bg2 Bf5 5. cxd5 cxd5 6. O-O Nc6 7. d3 e5 8. Qb3
Rb8 9. Nc3 Be7 10. e4 dxe4 11. dxe4 Bg4 12. Be3 O-O 13. Rfd1 Qa5 14. Nd5 Nxd5
15. Rxd5 Qc7 16. Rc1 Bxf3 17. Bxf3 Ra8 18. Bg4 Bd6 19. Rb5 Rfb8 20. Rd5 Qe7 21.
h4 h6 22. Rcd1 Rd8 23. a3 Qc7 24. Qc3 Qe7 25. R1d3 Qf6 26. Rb5 Rab8 27. Qb3 b6
28. Qd1 Nd4 29. Bxd4 exd4 30. Rf5 Qe7 31. Rxd4 Bc5 32. Rxd8+ Rxd8 33. Rd5 Rxd5
34. exd5 Qe5 35. Qf3 Qxb2 36. a4 Qa1+ 37. Kg2 Qxa4 38. h5 Qd4 39. Bd7 Qe5 40.
Bb5 a5 41. Bc6 Qd4 42. Be8 Qf6 43. Qxf6 gxf6 44. f4 Kf8 45. Bb5 Ke7 46. Kf3 Kd6
47. Ke4 Bf2 48. g4 Be1 49. Be8 Bd2 50. Bc6 Kc5 51. Be8 Bc1 52. Bxf7 a4 53. Kd3
Bxf4 54. Kc2 b5 55. Be8 Kb4 56. Kb2 Ka5 57. Kc3 Bg3 58. Kc2 b4 59. Kd3 b3 60.
Kc4 Bd6 61. Bg6 Kb6 62. Bf5 Kc7 63. Bd3 Kd8 64. Kc3 Ke7 65. Bb5 Be5+ 66. Kb4 b2
67. Bd3 Kd6 68. Be4 Bd4 69. Kxa4 Ke5 70. Bf5 Kf4 71. d6 Be5 72. d7 Bc7 73. Kb3
b1=Q+ 74. Bxb1 Kxg4 75. Bg6 f5 76. Kc2 f4 77. Kd2 f3 78. Ke1 1/2-1/2

[Event "4th HD Bank Cup 2014"]
[Site "Ho Chi Minh City VIE"]
[Date "2014.03.13"]
[Round "6.29"]
[White "Tran, Le Dan Thuy"]
[Black "Tran, Quoc Dung"]
[Result "0-1"]
[WhiteElo "2005"]
[BlackElo "2270"]
[WhiteFideId "12403407"]
[BlackFideId "12400645"]
[EventDate "2014.03.10"]

1. d4 Nf6 2. c4 g6 3. Nc3 d5 4. cxd5 Nxd5 5. e4 Nxc3 6. bxc3 Bg7 7. Qb3 O-O 8.
Nf3 c5 9. Bb2 Nc6 10. Rd1 cxd4 11. cxd4 Bg4 12. e5 Na5 13. Qe3 Qd5 14. Bc3 Rac8
15. Be2 Nc4 16. Qf4 Na3 17. Qd2 Nc4 18. Qf4 Na3 19. Qd2 Qc6 20. Rc1 Bf5 21. Bd3
Bxd3 22. Qxd3 Nb5 23. O-O Nxc3 24. Rc2 Qc4 25. Qe3 b5 26. g4 b4 27. h4 a5 28.
Kg2 Nd5 0-1

[Event "4th HD Bank Cup 2014"]
[Site "Ho Chi Minh City VIE"]
[Date "2014.03.13"]
[Round "6.30"]
[White "Tran, Ngoc Lan"]
[Black "Tran, Minh Thang"]
[Result "1-0"]
[WhiteElo "2244"]
[BlackElo "2071"]
[WhiteFideId "12401811"]
[BlackFideId "12401080"]
[EventDate "2014.03.10"]

1. e4 c5 2. Nc3 e6 3. g3 d5 4. exd5 exd5 5. d4 Nf6 6. Bg5 Be7 7. Nge2 Nc6 8. Bg2
cxd4 9. Nxd4 Qb6 10. Nb3 Bg4 11. Nxd5 Nxd5 12. Qxg4 Qb4+ 13. Qxb4 Ndxb4 14.
O-O-O Bxg5+ 15. f4 Bf6 16. a3 Na6 17. Rhe1+ Kf8 18. Rd7 Nd8 19. Bxb7 Nxb7 20.
Rxb7 g6 21. Rd1 Nb8 22. Nc5 Be7 23. Nd7+ Nxd7 24. Rdxd7 Re8 25. Rxa7 h5 26. b4
h4 27. b5 f5 28. b6 Kf7 29. a4 Ke6 30. a5 Bd6 31. Rg7 hxg3 32. hxg3 Bb4 33. Kb2
Kd5 34. Rgd7+ Kc4 35. Rac7+ Kb5 36. Rd5+ Ka4 37. a6 Re4 38. a7 Ba3+ 39. Ka2 Rb4
40. a8=Q+ 1-0

[Event "4th HD Bank Cup 2014"]
[Site "Ho Chi Minh City VIE"]
[Date "2014.03.13"]
[Round "6.31"]
[White "Tran, Thi Mong Thu"]
[Black "Hoang, Thi Nhu Y"]
[Result "1-0"]
[BlackTitle "WIM"]
[WhiteElo "1909"]
[BlackElo "2210"]
[WhiteFideId "12403415"]
[BlackFideId "12401455"]
[EventDate "2014.03.10"]

1. d4 Nf6 2. c4 e6 3. Nc3 Bb4 4. Bd2 O-O 5. Nf3 d5 6. e3 a6 7. Bd3 dxc4 8. Bxc4
b5 9. Bd3 c5 10. Bc2 Nc6 11. a3 cxd4 12. axb4 dxc3 13. bxc3 e5 14. h3 Be6 15.
O-O Bc4 16. Re1 e4 17. Nd4 Ne5 18. Qb1 Qd5 19. Rd1 Rfe8 20. Be1 Ng6 21. Ne2 Qe6
22. Ng3 h5 23. Rd4 Bd5 24. Qd1 h4 25. Nh5 Bb7 26. Bb3 Qf5 27. Nxf6+ Qxf6 28. Rd7
Re7 29. Rd6 Qg5 30. c4 Bc8 31. Kh1 Kh7 32. Bc3 Be6 33. c5 Bxb3 34. Qxb3 a5 35.
Rd5 Qh6 36. bxa5 Nf8 37. Qxb5 Ne6 38. Qe2 Kg8 39. Qg4 g6 40. Qxe4 Ree8 41. Re5
Ra6 42. c6 Ra7 43. Bd4 Raa8 44. Bb6 Qg7 45. Rc1 Qf8 46. Qxh4 Qa3 47. Rd1 Qc3 48.
Rxe6 Rxe6 1-0

[Event "4th HD Bank Cup 2014"]
[Site "Ho Chi Minh City VIE"]
[Date "2014.03.13"]
[Round "6.32"]
[White "Nguyen, Dang Hong Phuc"]
[Black "Doan, Van Duc"]
[Result "1/2-1/2"]
[WhiteElo "1870"]
[BlackElo "2124"]
[WhiteFideId "12402761"]
[BlackFideId "12400335"]
[EventDate "2014.03.10"]

1. d4 Nf6 2. Nf3 e6 3. c4 b6 4. a3 Bb7 5. Nc3 d5 6. cxd5 exd5 7. Bf4 Bd6 8. Bg3
O-O 9. e3 Re8 10. Bd3 Ne4 11. O-O Nxg3 12. hxg3 a6 13. Qb3 Bf8 14. Rac1 g6 15.
Ne2 Nd7 16. Nf4 c6 17. Rfe1 Nf6 18. Bb1 Rc8 19. Nd3 Ba8 20. Qa4 a5 21. Nde5 c5
22. Red1 Bd6 23. g4 Re7 24. g5 Nd7 25. Nxd7 Rxd7 26. dxc5 bxc5 27. Qg4 Qe7 28.
b4 axb4 29. axb4 c4 30. b5 Rc5 31. Bc2 Rb7 32. Nd4 Rb8 33. Rb1 Be5 34. Ba4 Qa7
35. Ra1 Qc7 36. Rdb1 c3 37. Nc2 Rc4 38. Qe2 Qe7 39. Bb3 Rh4 40. Rxa8 Rxa8 41.
Bxd5 Qxg5 42. f4 Qh6 43. g3 Rd8 44. gxh4 Rxd5 45. Rd1 Rxd1+ 46. Qxd1 Bf6 1/2-1/2

[Event "4th HD Bank Cup 2014"]
[Site "Ho Chi Minh City VIE"]
[Date "2014.03.13"]
[Round "6.33"]
[White "Pham, Bich Ngoc"]
[Black "Ngo, Thi Kim Tuyen"]
[Result "0-1"]
[WhiteTitle "WIM"]
[WhiteElo "2186"]
[BlackElo "2083"]
[WhiteFideId "12401285"]
[BlackFideId "12400505"]
[EventDate "2014.03.10"]

1. c4 Nf6 2. Nf3 c6 3. e3 d5 4. b3 Bf5 5. Bb2 e6 6. d3 Bb4+ 7. Nc3 O-O 8. Be2 c5
9. O-O Nc6 10. Na4 Nd7 11. Rc1 dxc4 12. bxc4 e5 13. a3 Ba5 14. d4 exd4 15. exd4
cxd4 16. Nxd4 Nxd4 17. Qxd4 Nf6 18. Qc5 Bg6 19. Bxf6 gxf6 20. Bf3 b6 21. Qb5 Rc8
22. Rfd1 Qe7 23. c5 Rfd8 24. Bd5 Qe5 25. c6 Be4 26. Bc4 Rxd1+ 27. Rxd1 Qxb5 28.
Bxb5 Bxc6 29. Bxc6 Rxc6 30. g3 Rc2 31. Rd7 Be1 32. Kf1 Bxf2 33. Rxa7 b5 34. Ra8+
Kg7 35. Nc3 Bxg3 36. Nxb5 Bxh2 37. a4 Rb2 38. Nd4 Ra2 39. a5 Bc7 40. Ra7 Ra1+
41. Ke2 Bxa5 42. Ne6+ Kh6 43. Nf8 Re1+ 44. Kf3 Kg7 45. Nd7 Bc3 46. Kg4 Rg1+ 47.
Kf5 Rf1+ 48. Kg4 f5+ 49. Kh5 h6 50. Kh4 Be1+ 51. Kh3 Bc3 52. Rc7 Rf3+ 53. Kg2
Rd3 54. Nc5 Rd2+ 55. Kf3 Bb4 56. Ne6+ Kf6 57. Nf4 Bd6 58. Rc6 Kg5 59. Nh3+ Kh4
60. Nf2 f6 61. Rc8 Be5 62. Rg8 Ra2 63. Nd1 Ra3+ 64. Kf2 Bg3+ 65. Ke2 f4 66. Rg6
f3+ 67. Kd2 Bf4+ 68. Ke1 Bg5 69. Kf2 Rd3 0-1

[Event "4th HD Bank Cup 2014"]
[Site "Ho Chi Minh City VIE"]
[Date "2014.03.13"]
[Round "6.34"]
[White "Pham, Thi Thu Hien"]
[Black "Ngo, Kim Cuong"]
[Result "1-0"]
[WhiteElo "2158"]
[BlackElo "1995"]
[WhiteFideId "12402575"]
[BlackFideId "12400890"]
[EventDate "2014.03.10"]

1. e4 e5 2. Nf3 Nf6 3. Nxe5 d6 4. Nf3 Nxe4 5. d4 Be7 6. Bd3 Nf6 7. h3 O-O 8. O-O
b6 9. Bf4 Bb7 10. Re1 Nbd7 11. c4 Re8 12. Nc3 Nf8 13. d5 N6d7 14. Qd2 a6 15. Re2
Ng6 16. Rae1 Nf6 17. Nd4 Nxf4 18. Qxf4 Bf8 19. Rxe8 Nxe8 20. Bxh7+ Kxh7 21. Qxf7
Qf6 22. Qh5+ Qh6 23. Qf7 Qf6 24. Qh5+ Qh6 25. Qf5+ Qg6 26. Qxf8 Nf6 27. Ne6 Re8
28. Qxe8 Qxe8 29. Ng5+ Kg6 30. Rxe8 Nxe8 31. f4 Bc8 32. g4 Bd7 33. Kf2 b5 34.
cxb5 axb5 35. b4 c6 36. dxc6 Bxc6 37. Ne6 Nf6 38. f5+ Kh6 39. g5+ 1-0

[Event "4th HD Bank Cup 2014"]
[Site "Ho Chi Minh City VIE"]
[Date "2014.03.13"]
[Round "6.35"]
[White "Ivana Maria, Furtado"]
[Black "Luu, Duc Hai"]
[Result "1-0"]
[WhiteTitle "WIM"]
[WhiteElo "2177"]
[BlackElo "1913"]
[WhiteFideId "5048400"]
[BlackFideId "12412228"]
[EventDate "2014.03.10"]

1. d4 d5 2. Nf3 c6 3. c4 e6 4. Qc2 Nf6 5. e3 Nbd7 6. Nc3 dxc4 7. Bxc4 b5 8. Bd3
Bb7 9. O-O Rc8 10. e4 b4 11. Na4 c5 12. dxc5 Bxc5 13. Qe2 e5 14. Nxc5 Rxc5 15.
Be3 Ra5 16. Bd2 Qb6 17. a3 Rc5 18. axb4 Rc8 19. Ra5 O-O 20. Be3 Qxb4 21. Rb5 Qd6
22. Rxb7 Nc5 23. Bxc5 Qxc5 24. Rb5 Qd6 25. Rxe5 Rfd8 26. Bb1 Rb8 27. Rb5 Qf4 28.
Rxb8 Rxb8 29. e5 Nh5 30. Rd1 Qg4 31. h3 Qf4 32. g4 Ng3 33. Qd2 g5 34. Kg2 Ne4
35. Qxf4 gxf4 36. Bxe4 Rxb2 37. Ng5 h6 38. Rd8+ Kg7 39. Nh7 Rb5 40. Nf6 Rxe5 41.
Nh5+ 1-0

[Event "4th HD Bank Cup 2014"]
[Site "Ho Chi Minh City VIE"]
[Date "2014.03.13"]
[Round "6.36"]
[White "Wolfaardt, Francois"]
[Black "Le, Thi Phuong Lien"]
[Result "0-1"]
[BlackTitle "WFM"]
[WhiteElo "1785"]
[BlackElo "2143"]
[WhiteFideId "14302578"]
[BlackFideId "12400254"]
[EventDate "2014.03.10"]

1. e4 c5 2. c3 d5 3. exd5 Qxd5 4. d4 Nf6 5. Nf3 Nc6 6. Be3 Bg4 7. Be2 cxd4 8.
cxd4 e6 9. Nc3 Qa5 10. Qa4 Qxa4 11. Nxa4 Rd8 12. O-O Be7 13. Bb5 Bxf3 14. gxf3
O-O 15. Bxc6 bxc6 16. Rac1 Rc8 17. Rc2 Nd5 18. a3 Bf6 19. Rfc1 Ne7 20. f4 Rfd8
21. Rc4 g6 22. Nc3 Bg7 23. Ra4 Rd7 24. Ne2 h5 25. Kg2 Rb8 26. Rc2 Rb3 27. Nc1
Rb5 28. Ne2 Nf5 29. Rac4 Rb3 30. R4c3 Rdb7 31. Rxb3 Rxb3 32. Nc1 Rxe3 33. Rxc6
Re1 34. Nd3 Rd1 35. Ne5 Bxe5 36. dxe5 a5 37. Ra6 Rd5 38. Rb6 Nd4 39. b4 axb4 40.
axb4 Rb5 41. Rxb5 Nxb5 42. Kg3 Kf8 43. Kh4 Ke7 44. Kg5 Nc3 45. Kh6 Kf8 46. Kh7
Nb5 47. Kh8 f6 48. Kh7 Kf7 49. Kh6 Nd4 50. Kh7 fxe5 51. fxe5 Nc6 52. b5 Nxe5 53.
b6 Nd7 54. b7 e5 55. Kh6 Kf6 56. Kh7 e4 57. Kh6 h4 58. h3 g5 59. Kh5 Kf5 60. Kh6
g4 61. hxg4+ Kxg4 62. Kg6 h3 63. Kf7 h2 64. Ke7 h1=Q 65. Kxd7 Qh2 66. Kc8 Kf3
67. Kd8 Kxf2 68. Kc8 e3 69. Kd8 e2 70. Kc8 e1=R 71. Kd8 Qd6+ 72. Kc8 Re8# 0-1

[Event "4th HD Bank Cup 2014"]
[Site "Ho Chi Minh City VIE"]
[Date "2014.03.13"]
[Round "6.37"]
[White "Frost, Peter"]
[Black "Tran, Quang Khai"]
[Result "1-0"]
[WhiteElo "1781"]
[BlackElo "2091"]
[WhiteFideId "3204634"]
[BlackFideId "12402591"]
[EventDate "2014.03.10"]

1. e4 c5 2. Nf3 Nc6 3. d4 cxd4 4. Nxd4 Nf6 5. Nc3 e6 6. Ndb5 Bb4 7. a3 Bxc3+ 8.
Nxc3 d5 9. exd5 exd5 10. Bd3 O-O 11. O-O d4 12. Ne4 Bf5 13. Bg5 Bxe4 14. Bxe4
Qd6 15. Bxf6 Qxf6 16. Qf3 Qxf3 17. Bxf3 Ne5 18. Bd5 Rfd8 19. Ba2 Rac8 20. Rfe1
Nc6 21. Rad1 Kf8 22. Kf1 f6 23. Be6 Rb8 24. Bf5 g6 25. Bd3 b5 26. Re6 Ne5 27.
Rxf6+ Ke7 28. Ra6 Rd7 29. Re1 1-0

[Event "4th HD Bank Cup 2014"]
[Site "Ho Chi Minh City VIE"]
[Date "2014.03.13"]
[Round "6.38"]
[White "Duong, Thuong Cong"]
[Black "Nguyen, Truong Bao Tran"]
[Result "1/2-1/2"]
[WhiteElo "2078"]
[BlackElo "1889"]
[WhiteFideId "12402443"]
[BlackFideId "12402311"]
[EventDate "2014.03.10"]

1. e4 c6 2. d4 d5 3. exd5 cxd5 4. Bd3 Nc6 5. c3 g6 6. Nd2 Bg7 7. h3 Nf6 8. Ne2
O-O 9. O-O Qc7 10. Nf3 Nh5 11. g4 Nf6 12. Bf4 Qb6 13. Qd2 h5 14. gxh5 Nxh5 15.
Kh2 Qd8 16. Rg1 Qd7 17. Rg4 Re8 18. Rag1 e5 19. Bxe5 Rxe5 20. dxe5 Bxe5+ 21. Kg2
Qd6 22. Nxe5 Nxe5 23. Rg5 Qf6 24. f4 Nxd3 25. Kf3 Qe6 26. Qxd3 Qxh3+ 27. Ng3
Nxf4 28. Qe3 Ne6 29. Rh1 Nxg5+ 30. Qxg5 Qg4+ 31. Qxg4 Bxg4+ 32. Kxg4 Re8 33. Rd1
Re5 34. Rd4 Kg7 35. Ra4 a6 36. Rb4 Re7 37. Rb6 Rd7 38. Ne2 Re7 39. Nf4 Rd7 40.
Nd3 d4 41. Nc5 dxc3 42. bxc3 Rc7 43. Nxb7 Rxc3 44. Rxa6 Rc4+ 45. Kf3 g5 46. Nd6
Rf4+ 47. Kg3 f6 48. a4 Kg6 49. Ne8 Kf7 50. Rxf6+ Kxe8 51. Ra6 Kd7 52. a5 Ra4 1/2-1/2

[Event "4th HD Bank Cup 2014"]
[Site "Ho Chi Minh City VIE"]
[Date "2014.03.13"]
[Round "6.39"]
[White "Pham, Hoang Nhat Anh"]
[Black "Doan, Thi Van Anh"]
[Result "0-1"]
[BlackTitle "WFM"]
[WhiteElo "1513"]
[BlackElo "1994"]
[WhiteFideId "12403148"]
[BlackFideId "12400491"]
[EventDate "2014.03.10"]

1. d4 d5 2. Nf3 Nf6 3. Bf4 c5 4. e3 Qb6 5. Qc1 Nc6 6. c3 Bf5 7. Nbd2 Rc8 8. dxc5
Qxc5 9. Nb3 Qb6 10. Qd2 e6 11. Bd3 Ne4 12. Qe2 Be7 13. O-O h6 14. Nbd4 Bg4 15.
h3 Bh5 16. Rac1 Ng5 17. g4 Nxh3+ 18. Kh2 Bxg4 19. Bg3 Ng5 20. Bb5 O-O 21. Bxc6
bxc6 22. Bf4 e5 23. Bxg5 Bxg5 24. Rg1 Bh5 25. Nf5 e4 26. N5d4 Qc7+ 27. Kh3 exf3
28. Qf1 c5 29. Nc2 Bg6 30. Rg3 Bf5+ 31. Kh2 Bh4 32. Ne1 Bxg3+ 33. fxg3 Be4 34.
Nxf3 Bxf3 35. Qxf3 Qe5 36. Rd1 Rfe8 37. Rxd5 Qxe3 38. Qg2 Qe2 39. Rd2 Qxg2+ 40.
Kxg2 Rcd8 41. Rf2 Re3 42. Kh2 Rde8 43. g4 Re2 44. Kg2 R8e4 45. Kf3 Rxf2+ 46.
Kxf2 Rxg4 0-1

[Event "4th HD Bank Cup 2014"]
[Site "Ho Chi Minh City VIE"]
[Date "2014.03.14"]
[Round "7.1"]
[White "Nguyen, Ngoc Truong Son"]
[Black "Zhang, Zhong"]
[Result "1/2-1/2"]
[WhiteTitle "GM"]
[BlackTitle "GM"]
[WhiteElo "2613"]
[BlackElo "2600"]
[WhiteFideId "12401110"]
[BlackFideId "8600694"]
[EventDate "2014.03.10"]

1. d4 e6 2. c4 Nf6 3. Nc3 Bb4 4. Qc2 O-O 5. e4 d5 6. e5 Ne4 7. Bd3 c5 8. Nf3
cxd4 9. Nxd4 Nd7 10. Bf4 Ndc5 11. O-O Bxc3 12. bxc3 Bd7 13. Rac1 Rc8 14. Rfe1
Nxd3 15. Qxd3 Qh4 16. Bg3 Qh6 17. cxd5 exd5 18. Nb3 Be6 19. f3 Nc5 20. Nxc5 Rxc5
21. Bf2 Ra5 22. Rc2 Rc8 23. Bd4 b5 24. Rf2 Qg6 25. Qxg6 hxg6 26. g4 Ra4 27. Rb1
Bd7 28. Rb3 Rcc4 29. Rd2 a5 30. a3 b4 31. cxb4 axb4 32. axb4 Raxb4 33. Rxb4 Rxb4
34. Kf2 Rb3 35. Be3 Be6 36. h3 Rb4 37. Rd3 Ra4 38. Kg3 Rb4 39. Kh4 f6 40. exf6
gxf6 41. Bd4 Kf7 42. Kg3 g5 43. f4 f5 44. fxg5 fxg4 45. hxg4 Kg6 46. Kh4 Bd7 47.
Rd2 Ra4 48. Rd3 Rc4 49. Rd2 1/2-1/2

[Event "4th HD Bank Cup 2014"]
[Site "Ho Chi Minh City VIE"]
[Date "2014.03.14"]
[Round "7.4"]
[White "Nguyen, Van Huy"]
[Black "Gomez, John Paul"]
[Result "1/2-1/2"]
[WhiteTitle "IM"]
[BlackTitle "GM"]
[WhiteElo "2414"]
[BlackElo "2534"]
[WhiteFideId "12401064"]
[BlackFideId "5201381"]
[EventDate "2014.03.10"]

1. Nf3 Nf6 2. c4 c6 3. d4 d5 4. Qb3 dxc4 5. Qxc4 Bf5 6. g3 e6 7. Bg2 Be7 8. O-O
Nbd7 9. e3 O-O 10. Rd1 h6 11. Qe2 Re8 12. Nc3 Ne4 13. Nd2 Nxc3 14. bxc3 Bc2 15.
Re1 Bh7 16. Nc4 Nb6 17. a4 Nxc4 18. Qxc4 Qc7 19. Ba3 e5 20. a5 Rac8 21. Bxe7
Qxe7 22. Re2 Rc7 23. Rb2 Bf5 24. Rd1 Bg4 25. Rdb1 Bf5 26. Rd1 Bg4 27. Rdb1 Bf5
28. Rd1 1/2-1/2

[Event "4th HD Bank Cup 2014"]
[Site "Ho Chi Minh City VIE"]
[Date "2014.03.14"]
[Round "7.5"]
[White "Nguyen, Duc Hoa"]
[Black "Yap, Kim Steven"]
[Result "1-0"]
[WhiteTitle "IM"]
[BlackTitle "IM"]
[WhiteElo "2496"]
[BlackElo "2407"]
[WhiteFideId "12401358"]
[BlackFideId "5202809"]
[EventDate "2014.03.10"]

1. d4 Nf6 2. c4 g6 3. Nc3 d5 4. Nf3 Bg7 5. Bg5 O-O 6. Bxf6 Bxf6 7. cxd5 c6 8.
dxc6 Nxc6 9. e3 Qb6 10. Qb3 Be6 11. Qxb6 axb6 12. a3 Na5 13. Nd2 Rfd8 14. Be2
Nb3 15. Nxb3 Bxb3 16. f4 g5 17. g3 Kh8 18. Rg1 Rac8 19. Bd1 Bd5 20. Kd2 Bc6 21.
Bc2 e6 22. Ne4 Be7 23. Nxg5 Bxg5 24. fxg5 e5 25. Bd3 exd4 26. e4 Re8 27. Rae1
Re5 28. Rgf1 Kg7 29. Rf5 Rce8 30. Ref1 R8e7 31. Bc4 Bxe4 32. Rxf7+ Rxf7 33.
Rxf7+ Kg6 34. h4 b5 35. Rf6+ Kg7 36. Re6 Rf5 37. Rxe4 bxc4 38. Rxd4 Rf2+ 39. Kc3
b5 40. Rf4 Rg2 41. Rf3 Kg6 42. b3 Ra2 43. Kb4 Rb2 44. Rc3 Kf5 1-0

[Event "4th HD Bank Cup 2014"]
[Site "Ho Chi Minh City VIE"]
[Date "2014.03.14"]
[Round "7.6"]
[White "Dao, Thien Hai"]
[Black "Fang, Yan"]
[Result "1/2-1/2"]
[WhiteTitle "GM"]
[WhiteElo "2508"]
[BlackElo "2307"]
[WhiteFideId "12400084"]
[BlackFideId "8604746"]
[EventDate "2014.03.10"]

1. d4 Nf6 2. c4 d6 3. Nc3 Nbd7 4. e4 e5 5. Nf3 c6 6. Be2 Be7 7. O-O O-O 8. Re1
a6 9. Bf1 b5 10. a3 Bb7 11. h3 Re8 12. b4 exd4 13. Nxd4 Ne5 14. cxb5 cxb5 15.
Bf4 Ng6 16. Bg3 Bf8 17. Nf5 Qb6 18. Qf3 Ne5 19. Nh6+ Kh8 20. Qf5 Bc8 21. Qg5 Be6
22. Rac1 Qd8 23. Nf5 h6 24. Qe3 Bxf5 25. exf5 Nc4 26. Qd3 Rxe1 27. Rxe1 d5 28.
Bh4 Nxa3 29. Bxf6 Qxf6 30. Nxd5 Qd6 31. Qe4 Rd8 32. Rd1 Qc6 33. f6 g6 34. h4 Nc4
35. h5 Qe6 36. Qf3 Ne5 37. Qe4 Ng4 38. Qf3 1/2-1/2

[Event "4th HD Bank Cup 2014"]
[Site "Ho Chi Minh City VIE"]
[Date "2014.03.14"]
[Round "7.7"]
[White "Dimakiling, Oliver"]
[Black "Shyam, Sundar M."]
[Result "1/2-1/2"]
[WhiteTitle "IM"]
[BlackTitle "GM"]
[WhiteElo "2364"]
[BlackElo "2507"]
[WhiteFideId "5202248"]
[BlackFideId "5019141"]
[EventDate "2014.03.10"]

1. d4 d5 2. Nf3 Nf6 3. g3 g6 4. Bg2 Bg7 5. O-O O-O 6. Nbd2 Nc6 7. Nb3 Ne4 8. Bf4
a5 9. a4 e6 10. Qc1 Re8 11. Rd1 Nd6 12. c3 b6 13. Nbd2 Ba6 14. e4 Nxe4 15. Nxe4
dxe4 16. Ne5 Nxe5 17. dxe5 Bd3 18. Bxe4 Bxe4 19. Rxd8 Rexd8 20. Qe3 Bc6 21. Bg5
Rd5 22. Bf6 Bxf6 23. exf6 Rad8 24. Re1 Rf5 25. g4 Rf3 26. Qe5 Rd7 27. b4 h6 28.
bxa5 bxa5 29. Qc5 Rd6 30. Qxa5 Rxf6 31. Qxc7 e5 32. a5 Bf3 33. h3 e4 34. Ra1 Rd2
35. Qc5 Rfd6 36. h4 R6d5 37. Qe7 g5 38. hxg5 hxg5 1/2-1/2

[Event "4th HD Bank Cup 2014"]
[Site "Ho Chi Minh City VIE"]
[Date "2014.03.14"]
[Round "7.8"]
[White "Yeoh, Li Tian"]
[Black "Nguyen, Anh Dung"]
[Result "1/2-1/2"]
[BlackTitle "GM"]
[WhiteElo "2320"]
[BlackElo "2469"]
[WhiteFideId "5702895"]
[BlackFideId "12400025"]
[EventDate "2014.03.10"]

1. e4 c5 2. c3 Nf6 3. e5 Nd5 4. d4 cxd4 5. cxd4 d6 6. Nf3 Nc6 7. Bc4 Nb6 8. Bb3
d5 9. Nh4 e6 10. Nf3 Be7 11. Nc3 O-O 12. h4 f5 13. exf6 Bxf6 14. Bg5 Bd7 15. Qe2
a5 16. Rd1 a4 17. Bc2 Nc4 18. Bxa4 Qb6 19. Bxf6 Rxf6 20. Bb5 Raf8 21. Bxc4 dxc4
22. O-O Rxf3 23. gxf3 Qd8 24. Qe4 Ne7 25. d5 e5 26. d6 Nf5 27. Nd5 Bc6 28. Qxc4
Kh8 29. Ne7 Nxe7 30. dxe7 Qxe7 31. Rfe1 Bxf3 32. Rd3 Qf6 33. Rxf3 Qxf3 34. Re2
h6 35. Qe4 Qh5 36. Rd2 Rf5 37. Kf1 Qg6 38. Qc2 Kh7 39. Re2 Rh5 40. Qxg6+ Kxg6
41. Re4 Rf5 42. Rg4+ Kh5 43. Rxg7 b5 44. Rb7 e4 45. Re7 Rf4 46. Re6 Kg4 47. Kg2
h5 48. Re5 b4 49. Rb5 e3 50. fxe3 Rc4 51. a3 bxa3 52. bxa3 Rc2+ 1/2-1/2

[Event "4th HD Bank Cup 2014"]
[Site "Ho Chi Minh City VIE"]
[Date "2014.03.14"]
[Round "7.9"]
[White "Kuderinov, Kirill"]
[Black "Prasanna Raghuram Rao"]
[Result "1/2-1/2"]
[WhiteTitle "IM"]
[BlackTitle "IM"]
[WhiteElo "2454"]
[BlackElo "2410"]
[WhiteFideId "13701568"]
[BlackFideId "5022401"]
[EventDate "2014.03.10"]

1. e4 c5 2. Nf3 e6 3. c3 Nf6 4. e5 Nd5 5. d4 cxd4 6. cxd4 b6 7. Bd3 Ba6 8. O-O
Qc8 9. Bxa6 Nxa6 10. Bg5 h6 11. Bh4 Qb7 12. Nc3 Rc8 13. Nxd5 Qxd5 14. Rc1 Rxc1
15. Qxc1 Qb7 16. a3 Be7 17. Bxe7 Kxe7 18. Qc2 Qc6 19. Qb1 Qb7 20. b4 Nc7 21. b5
Nd5 22. a4 a6 23. Nd2 axb5 24. axb5 Qa7 25. Nf3 Qa3 26. Qe4 Rc8 27. g3 Qb3 28.
Nh4 Qc2 29. Nf5+ Kf8 30. Qxc2 Rxc2 31. Nd6 Ra2 32. Rc1 Ra8 33. Kg2 f6 34. h4 h5
35. Rc4 Ke7 36. Kh3 Kf8 37. g4 hxg4+ 38. Kxg4 Kg8 1/2-1/2

[Event "4th HD Bank Cup 2014"]
[Site "Ho Chi Minh City VIE"]
[Date "2014.03.14"]
[Round "7.10"]
[White "Pham, Chuong"]
[Black "Shyam, Nikil P."]
[Result "1-0"]
[WhiteTitle "FM"]
[BlackTitle "IM"]
[WhiteElo "2353"]
[BlackElo "2431"]
[WhiteFideId "12401218"]
[BlackFideId "5024218"]
[EventDate "2014.03.10"]

1. d4 Nf6 2. c4 e6 3. g3 d5 4. Nf3 Bb4+ 5. Bd2 Be7 6. Bg2 O-O 7. O-O c6 8. Qc2
Nbd7 9. Bf4 Nh5 10. Bc1 Nhf6 11. Nbd2 c5 12. cxd5 exd5 13. b3 b6 14. Bb2 Ba6 15.
Rfe1 Rc8 16. Qd1 Re8 17. Rc1 Bd6 18. Nh4 Bf8 19. Ndf3 Ne4 20. Ne5 Ndf6 21. f3
Nd6 22. Bh3 Rc7 23. Qd2 Bc8 24. Bxc8 Qxc8 25. Ng2 Qa6 26. Ba1 Rec8 27. dxc5 bxc5
28. e3 c4 29. Nf4 cxb3 30. Rxc7 Rxc7 31. axb3 Qb5 32. Qd3 Rb7 33. Rb1 a5 34.
Qxb5 Rxb5 35. Nc6 Nf5 36. Bxf6 gxf6 37. Ra1 Nxe3 38. Rxa5 Rxb3 39. Nd4 Rb4 40.
Nde2 Rb1+ 41. Kf2 Nd1+ 42. Kg2 Ne3+ 43. Kh3 Rb2 44. Nc3 d4 45. Ne4 Rb6 46. Nd5
Nxd5 47. Rxd5 f5 48. Rxf5 Bg7 49. Rd5 h6 50. Kg4 Re6 51. Kf4 Kh7 52. h4 Ra6 53.
Kf5 Ra3 54. Kg4 Re3 55. h5 Re1 56. Kf5 Re3 57. f4 Kg8 58. Rd8+ Kh7 59. g4 Rh3
60. Nd6 d3 61. Ne4 Bb2 62. Nc5 Rf3 63. Nxd3 Bc3 64. Rd7 Kg7 65. Nc5 Kf8 66. Ne4
Bb4 67. Rd8+ Ke7 68. Ra8 Ba3 69. Ra7+ Kf8 70. Ra8+ Ke7 71. Nf6 Bc1 72. Ng8+ Kd6
73. Ra4 Ra3 74. Rd4+ Kc5 75. Rd1 1-0